Statistics for Second-level subdivisions of Italy with exceptions

Click here to take the quiz!

General Stats

  • This quiz has been taken 26 times
  • The average score is 17 of 27

Answer Stats

HintAnswer% Correct
Metropolitan citiesFlorence
92%
Metropolitan citiesMilan
92%
Metropolitan citiesNaples
92%
Metropolitan citiesBologna
88%
Metropolitan citiesGenoa
88%
Metropolitan citiesPalermo
88%
Metropolitan citiesRome Capital
88%
Metropolitan citiesTurin
88%
Metropolitan citiesVenice
88%
Region which also exercises the powers of a provinceAosta Valley
80%
Autonomous provincesBolzano
80%
Metropolitan citiesBari
76%
Metropolitan citiesMessina
72%
Autonomous provincesTrento
72%
Metropolitan citiesCagliari
68%
Metropolitan citiesCatania
64%
Regional decentralization entitiesTrieste
64%
Free municipal consortiaSyracuse
48%
Regional decentralization entitiesUdine
44%
Metropolitan citiesReggio Calabria
32%
Regional decentralization entitiesGorizia
28%
Free municipal consortiaAgrigento
24%
Free municipal consortiaTrapani
24%
Free municipal consortiaCaltanissetta
20%
Regional decentralization entitiesPordenone
20%
Free municipal consortiaRagusa
20%
Free municipal consortiaEnna
16%

Score Distribution

Percentile by Number Answered

Percent of People with Each Score

Your Score History

You have not taken this quiz